Kontrolná akcia zameraná na výrobný proces diplomová práca

Saved in:
Bibliographic Details
Main Author: Mátéová, Viktória
Corporate Author: Fakulta hospodárskej informatiky EU. Katedra účtovníctva a audítorstva
Other Authors: Vépyová, Mária
Format: Book
Language:Slovak
Published: Bratislava 2017
Tags: Add Tag
No Tags, Be the first to tag this record!

MARC

LEADER 00000nbm a2200000 4500
001 0230962
005 20180410102109.9
041 0 |a slo 
044 |a SK 
245 1 0 |a Kontrolná akcia zameraná na výrobný proces  |b diplomová práca  |c Viktória Mátéová ; školiteľ: Mária Vépyová 
264 1 |a Bratislava  |c 2017 
300 |a 61 s. 
100 1 |a Mátéová, Viktória 
700 1 |a Vépyová, Mária 
710 2 |a Fakulta hospodárskej informatiky EU. Katedra účtovníctva a audítorstva